Statistics for 香港輕鐵車站 Hong Kong Light Rail Stations

Click here to take the quiz!

General Stats

  • This quiz has been taken 91 times
  • The average score is 41 of 68

Answers on the Map

Answers color-coded by a green-red scale on the quiz's map according to % correct below.
 

Answer Stats

車站 Station% Correct
屯門
Tuen Mun
95%
元朗
Yuen Long
93%
兆康
Siu Hong
90%
天水圍
Tin Shui Wai
90%
天瑞
Tin Shui
84%
銀座
Ginza
80%
屯門碼頭
Tuen Mun Ferry Pier
80%
濕地公園
Wetland Park
80%
洪水橋
Hung Shui Kiu
79%
天逸
Tin Yat
77%
三聖
Sam Shing
75%
大棠路
Tai Tong Road
74%
蝴蝶
Butterfly
72%
天耀
Tin Yiu
70%
友愛
Yau Oi
70%
康樂路
Hong Lok Road
69%
屯門醫院
Tuen Mun Hospital
69%
藍地
Lam Tei
67%
屯門泳池
Tuen Mun Swimming Pool
66%
豐年路
Fung Nin Road
64%
市中心
Town Centre
64%
安定
On Ting
62%
屏山
Ping Shan
62%
水邊圍
Shui Pin Wai
62%
兆麟
Siu Lun
62%
天富
Tin Fu
62%
田景
Tin King
62%
天榮
Tin Wing
62%
麒麟
Kei Lun
61%
大興(北)
Tai Hing (North)
61%
大興(南)
Tai Hing (South)
61%
頌富
Chung Fu
59%
坑尾村
Hang Mei Tsuen
59%
良景
Leung King
59%
山景(北)
Shan King (North)
59%
山景(南)
Shan King (South)
59%
天慈
Tin Tsz
59%
輕鐵車廠
Light Rail Depot
57%
天恆
Tin Heng
57%
塘坊村
Tong Fong Tsuen
56%
澤豐
Affluence
54%
鍾屋村
Chung Uk Tsuen
54%
豐景園
Goodview Garden
54%
美樂
Melody Garden
54%
杯渡
Pui To
54%
翠湖
Chestwood
52%
河田
Ho Tin
52%
龍門
Lung Mun
52%
兆禧
Siu Hei
52%
天秀
Tin Sau
52%
天湖
Tin Wu
52%
蔡意橋
Choy Yee Bridge
51%
鳳地
Fung Tei
51%
泥圍
Nai Wai
51%
景峰
Prime View
49%
新墟
San Hui
49%
何福堂
Hoh Fuk Tong
48%
建安
Kin On
48%
建生
Kin Sang
48%
鳴琴
Ming Kum
48%
樂湖
Locwood
46%
天悅
Tin Yuet
46%
青松
Ching Chung
43%
新圍
San Wai
43%
銀圍
Ngan Wai
41%
石排
Shek Pai
41%
青山村
Tsing Shan Tsuen
41%
青雲
Tsing Wun
39%

Score Distribution

Percentile by Number Answered

Percent of People with Each Score

Your Score History

You have not taken this quiz